| 000 | 00764nam a22002417a 4500 | ||
|---|---|---|---|
| 005 | 20230512221545.0 | ||
| 008 | 180227t xxu||||| |||| 00| 0 eng d | ||
| 020 | _a9710865781 | ||
| 040 | _cCSPC | ||
| 082 | 0 |
_a512.00176 _bAm11c |
|
| 100 |
_aAmacio, Leonor T., _eauthor. |
||
| 245 | 0 | 0 |
_aCollege algebra : _bworktext / _cLeonor T. Amacio |
| 250 |
_a2nd _bEdition. |
||
| 260 |
_aMandaluyong City : _bNational Book Store. _c2005. |
||
| 300 |
_a411 pages : _bgraphs, figures ; _c26 cm. |
||
| 650 | 1 | 0 | _aAlgebra. |
| 700 | 1 |
_aMercado, Edna T., _eauthor. |
|
| 700 | 1 |
_aSilveo, Rebecca U., _eauthor. |
|
| 940 | _aMar | ||
| 942 |
_cBOOK _jFIL 512.00176 Am11c 2005 |
||
| 999 |
_c2117 _d2117 |
||